000
00259nam a22001097a 4500
040
_c
NUST
082
_a
297.7 ISH
100
_a
Ishtiaq Qureshi
_9
108878
245
_a
Jannat ka Rasta
260
_a
LAHORE:
_b
FAZLEES BOOK SUPERMARKET,
_c
2018.
942
_2
ddc
_c
BK
999
_c
593212
_d
593212